MARC

LEADER 00000nam0a2200000 4500
001 116922
005 20231101215348.0
020 |a RU  |b 82-88582 
035 |a (RuTPU)RU\TPU\book\126527 
090 |a 116922 
100 |a 20070529d1981 km y0rusy5003 ca 
101 0 |a rus 
102 |a RU 
105 |a a z 001zy 
200 1 |a Исследования в области физико-химии и технологии стекла и ситаллов  |e сборник научных трудов  |f Государственный научно-исследовательский институт стекла 
210 |a Москва  |c ГИС  |d 1981 
215 |a 119 с.  |c ил. 
610 1 |a стекло 
610 1 |a ситаллы 
610 1 |a стекловарение 
610 1 |a стекла силикатные 
610 1 |a стекла оптические 
610 1 |a стеклянные материалы 
610 1 |a химическая технология 
610 1 |a физико-химические исследования 
675 |a 666.1  |z rus 
675 |a 666.26  |z rus 
712 0 2 |a Государственный научно-исследовательский институт стекла  |2 stltpush  |3 (RuTPU)RU\TPU\col\7841  |9 24392 
801 0 |a RU  |b RuMRKP  |c 19950704  |g psbo 
801 1 |a RU  |b 63413507  |c 20070529  |g PSBO 
801 2 |a RU  |b 63413507  |c 20080919  |g PSBO 
942 |c BK